বঙ্গবন্ধু ও বাংলাদেশ / (Record no. 6614)
[ view plain ]
| 000 -LEADER | |
|---|---|
| fixed length control field | 00927nam a22002177a 4500 |
| 003 - CONTROL NUMBER IDENTIFIER | |
| control field | BUBTL |
| 008 - FIXED-LENGTH DATA ELEMENTS--GENERAL INFORMATION | |
| fixed length control field | 211213b ||||| |||| 00| 0 eng d |
| 020 ## - INTERNATIONAL STANDARD BOOK NUMBER | |
| International Standard Book Number | 9847020002420 |
| 082 ## - DEWEY DECIMAL CLASSIFICATION NUMBER | |
| Classification number | 954.925/ R1293b/ 2017 |
| 100 ## - MAIN ENTRY--PERSONAL NAME | |
| 9 (RLIN) | 4463 |
| Personal name | রহমান, মোহাম্মদ জিল্লুর |
| 245 ## - TITLE STATEMENT | |
| Title | বঙ্গবন্ধু ও বাংলাদেশ / |
| Statement of responsibility, etc. | মোহাম্মদ জিল্লুর রহমান |
| 250 ## - EDITION STATEMENT | |
| Edition statement | 1st Edn. |
| 260 ## - PUBLICATION, DISTRIBUTION, ETC. (IMPRINT) | |
| Place of publication, distribution, etc. | ঢাকা: |
| Name of publisher, distributor, etc. | হাতেখড়ি, |
| Date of publication, distribution, etc. | c2017 |
| 300 ## - PHYSICAL DESCRIPTION | |
| Extent | 480 p. : |
| Dimensions | 22 cm. |
| 505 ## - FORMATTED CONTENTS NOTE | |
| Formatted contents note | বঙ্গবন্ধু ও বাংলাদেশ, বঙ্গবন্ধু, বাংলাদেশ, মোহাম্মদ জিল্লুর রহমান |
| 650 #0 - SUBJECT ADDED ENTRY--TOPICAL TERM | |
| 9 (RLIN) | 3574 |
| Topical term or geographic name as entry element | বঙ্গবন্ধু |
| 650 #0 - SUBJECT ADDED ENTRY--TOPICAL TERM | |
| 9 (RLIN) | 4372 |
| Topical term or geographic name as entry element | Bangabandhu |
| 856 ## - ELECTRONIC LOCATION AND ACCESS | |
| Password | 0 |
| Logon | 0 |
| Link text | Download |
| 942 ## - ADDED ENTRY ELEMENTS (KOHA) | |
| Source of classification or shelving scheme | |
| Koha item type | Books |
| Withdrawn status | Lost status | Source of classification or shelving scheme | Damaged status | Not for loan | Collection code | Permanent location | Current location | Shelving location | Date acquired | Source of acquisition | Inventory number | Total Checkouts | Full call number | Barcode | Date last seen | Copy number | Price effective from | Koha item type |
|---|---|---|---|---|---|---|---|---|---|---|---|---|---|---|---|---|---|---|
| Non-fiction | Bangladesh University of Business and Technology Library | Bangladesh University of Business and Technology Library | Historical Books | 03/13/2020 | Purchase | 27224 | 954.925/ R1293b/ 2017 | BUBTL-200327224 | 12/13/2021 | C-1 | 12/13/2021 | Books |
